=LDR 00000nam 2200000 4500 =001 000246 =005 20250710121242 =035 ##$$a 0010-0725000073 =007 ta =008 250710################a##########0#ind## =020 ##$$a 978-602-437-774-8 =082 ##$$a 398.209 598 =084 ##$$a 398.209 598 ADH h =100 #$$a Adhayati, Tuti =245 1#$$a Hari Sabtu di Pasar Wulandoni /$c Tuti Adhayati =250 ##$$a edisi kedua =260 ##$$a Jakarta Timur :$b Kementerian Pendidikan, Kebudayaan, Riset, dan Teknologi,$c 2023 =300 ##$$a 28 hlm. : $b ilus. ; $c 29,7 cm$e 398.209 598 =650 #4$$a Cerita Anak-Indonesia =650 #4$$a Kesusastraan Anak =856 ##$$a TBM As Suhada